Czy odgadniesz państwo europejskie po liczbie ludności i powierzchni? - Statystyki

Ogólne statystyki
  • Ten quiz został rozwiązany 31 razy
  • Średni wynik to 8 z 15
Statystyki odpowiedzi
Hint Odpowiedź % Poprawnych
0,44 km² i 825 os. Watykan
85%
312 696 km² i 41 026 068 os. Polska
81%
505 370 km² i 47 163 418 os. Hiszpania
78%
357 022 km² i 84 316 622 os. Niemcy
78%
603 550 km² i 43 528 136 os. Ukraina
78%
160 km² i 39 711 os. Liechtenstein
70%
243 610 km² i 67 791 400 os. Wielka Brytania
59%
207 600 km² i 9 413 505 os. Białoruś
48%
2586 km² i 650 364 os. Luksemburg
48%
316 km² i 464 186 os. Malta
48%
28 748 km²; 3 095 344 os. Albania
44%
238 391 km² i 18 519 899 os. Rumunia
44%
93 028 km² i 9 699 577 os. Węgry
33%
64 589 km² i 1 842 226 os. Łotwa
30%
131 957 km² i 10 533 871 os. Grecja
19%
Nie znaleziono quizów pasujących do podanych kryteriów
Rozkład punktacji
Procent ludzi z każdym wynikiem
Percentyl według liczby udzielonych odpowiedzi
Twoja historia wyników
Nie rozwiązałeś tego quizu